000 00704nam a2200193Ii 4500
003 JO-AjNU
008 230605s9999||||xx |||||||||||||| ||und||
040 _aJO-AjNU
_bara
_erda
_cJO-AjNU
041 _aara
050 1 4 _aZ678.R3612 1985
100 3 _aتاليف رانجاناثان؛ تعريب سماء المحاسني ، شعبان عبدالعزيز خليفة ؛ تقديم يوسف داغر ,
_eauthor
_939265
245 0 0 _aتنظيم المكتبات
264 3 1 _aالرياض :دار المريخ ،1985
300 _a224ص
336 _atext
_btxt
_2rdacontent
337 _aunmediated
_bn
_2rdamedia
338 _avolume
_bnc
_2rdacarrier
650 4 _aتنظيم المكتبات
_939266
999 _aA16569
_c20137
_d20137